| 000 | 00816nas a2200265 4500 | ||
|---|---|---|---|
| 001 | BR7903175 | ||
| 003 | BR-BrBNA | ||
| 005 | 20231205083732.0 | ||
| 007 | ta | ||
| 008 | 230509b bl.|||p| |||| 00| 00por d | ||
| 040 |
_aBR-BrBNA _bpor _cBiblioteca Nacional de Agricultura |
||
| 041 | _a(Pt) | ||
| 072 | _aS10 | ||
| 100 | 1 | _aGraner, C.A.F. | |
| 100 | 1 | _aTamburini Junior, R. | |
| 100 | 1 | _aMucciolo, P. | |
| 100 | 1 | _aMeira, D.R. | |
| 245 | 1 | _aRadiacao infra-vermelho comparada aos metodos classicos na determinacao de umidade de produtos corneos | |
| 650 | _aCOMPOSICAO DE ALIMENTO | ||
| 650 | _aCARNE TRATADA | ||
| 650 | _aUMIDADE | ||
| 773 | 0 |
_tRevista ABIA/SAPRO (Brazil) _xISSN 0100-0993 _g(Jul 1978), (no. 37) p. 14-19 _wBR7903175 |
|
| 909 |
_a202311 _bLúcia _c55 _dLúcia Elande |
||
| 942 |
_2AGRIS _n0 _cANA |
||
| 999 |
_c100862 _d100862 |
||